Cien años de soledad / Gabriel García Márquez (Registro nro. 48954)
[ vista simple ]
| 000 -LÍDER | |
|---|---|
| Campo fijo de descripción fija | 008260000a22002290004500 |
| 001 - NÚMERO DE CONTROL | |
| Campo de control | 1797 |
| 003 - IDENTIFICADOR DEL NÚMERO DE CONTROL | |
| Campo de control | CO-MdFUSB |
| 005 - FECHA Y HORA DE LA ULTIMA TRANSACCIÓN | |
| control field | 20180410180929.0 |
| 008 - ELEMENTOS DE LONGITUD FIJA -- INFORMACIÓN GENERAL | |
| Campo fijo de descripción fija -- Información general | 180410b xxu||||| |||| 00| 0 eng d |
| 020 ## - NÚMERO INTERNACIONAL NORMALIZADO PARA LIBROS | |
| Número Internacional Normalizado del libro | 978-84-204-7183-9 |
| 040 ## - FUENTE DE CATALOGACIÓN | |
| Agencia que realiza la transcripción | CO-MdBIC |
| 082 04 - NÚMERO DE CLASIFICACIÓN DECIMAL DEWEY | |
| Número de clasificación | 863N G165c |
| 100 1# - ASIENTO PRINCIPAL--NOMBRE PERSONAL | |
| Nombre personal | García Márque,Gabriel |
| 245 10 - TÍTULO | |
| Título del Material | Cien años de soledad / Gabriel García Márquez |
| 250 ## - MENCIÓN DE EDICIÓN | |
| Mención de edición | Edición conmemorativa |
| 260 ## - PUBLICACIÓN, DISTRIBUCIÓN, ETC. (PIE DE IMPRENTA) | |
| Lugar de publicación, distribución, etc. | Madrid : Real Academia Española, Asociación de Academias de la Lengua Española , 2007 |
| 300 ## - DESCRIPCIÓN FÍSICA | |
| Extensión | 609 P. |
| 500 ## - NOTA GENERAL | |
| Nota General | Edición Conmemorativa de los cuarenta años de publicación de la obra y de los ochenta años del escrito, Presenta el árbol genealógico de los Buendía |
| 505 00 - NOTA DE CONTENIDO | |
| Nota de contenido con formato preestablecido | Incluye bibliografía, Incluye glosario y nombres |
| 650 14 - ASIENTO SECUNDARIO DE MATERIA - TERMINO TEMÁTICO | |
| Término temático o nombre geográfico como elemento de entrada | Novela colombiana |
| 942 ## - TIPO DE MATERIAL (KOHA) | |
| Tipo de Item KOHA | Z- Libro General BINCO |
| Estado de Material | Estado de Perdido | Forma de Clasificación | Volumen-Parte/Tomo | Estado de Dañado | No para Préstamo | Tomo | Biblioteca de Origen | Biblioteca Permanente | Fecha de Adquisición | Total de Préstamos | Total de Renovaciones | Signatura Topográfica | Código de Barras | Última vez visto | Última vez Préstado | Ejemplar/Existencia | Fecha de Remplazo | Tipo de Material |
|---|---|---|---|---|---|---|---|---|---|---|---|---|---|---|---|---|---|---|
| Dewey Decimal Classification | Biblioteca Infantil Comunitaria BINCO | Biblioteca Infantil Comunitaria BINCO | 19/11/2008 | 3 | 1 | 863N G165c | B32289 | 27/05/2024 | 27/05/2024 | 1 | 26/01/2016 | Z- Libro General BINCO |
